00654 2200241 4500001002100000005001500021035002000036007000300056008004100059020002200100082001000122084001600132100001200148245007200160250001000232260004800242300003300290500001100323650002600334504003000360990001100390990001100401INLIS00000000000456520191202113056 a0010-1219000017ta191202 g 0 ind  a978-602-6751-51-5 a302.2 a302.2 SUC t0 aSUCIATI1 aTeori Komunikasi dalam Multi Perspektif /cSuciati; editor, Suciati acet.1 aYogyakarta :bBuku Litera Yogyakarta,c2017 axv, 240 hlm :bilus ;c24 cm aIndeks 4aSOSIOLOGI. KOMUNIKASI aBibliografi.: hlm.227-236 a7227 a a7227 b